000 00356nam a2200133Ia 4500
008 240624s9999 xx 000 0 und d
041 _aeng
082 _a174.4 DES
100 _aDESJARDINS JOSEPH
245 _aINTRODUCTION TO BUSINESS ETHICS
250 _a(2nd ed.)
260 _c2011
_aNew Delhi
_bTata McGraw-Hill
300 _axiii, : 271 : p. : cm. ; 23
999 _c24245
_d24245